| 000 | 00632nam a2200217 a 4500 | ||
|---|---|---|---|
| 001 | 000027455 | ||
| 005 | 20240510073819.0 | ||
| 008 | 110331s1972 dr a 001 0 spa d | ||
| 040 |
_aDO-SdBNP _bspa _cBNPHU |
||
| 082 |
_a230 _bN714d |
||
| 100 | 1 |
_aNina, Carlos _954523 |
|
| 245 | 1 | 3 | _aUna doctrina que transformó al mundo. |
| 260 |
_aSanto Domingo : _bTaller, _c1972. |
||
| 300 |
_a148 p. : _bil. ; _c22 cm. |
||
| 504 | _aBibliografía : p. 148. | ||
| 590 | _aInventariado, 2018/BT | ||
| 650 | 0 |
_aCristianismo _9885 |
|
| 600 | 0 | 4 |
_aJESUCRISTO _9444 |
| 650 | 0 |
_aVida cristiana _9668 |
|
| 910 | _aValidado. Control de calidad. EMS | ||
| 999 |
_c26947 _d26947 |
||